000 01315nam2a22002771 4500
001 rc\2132260
005 20250623002429.0
035 _a(NLR Aleph) 006490021
090 _a6122724
_c6122724
100 _a20110829d1980 |||y0rusy50 ca
101 0 _arus
102 _aRU
105 _ay z |||||
200 1 _aВторой и третий диваны. Васитат ал-икд и Хатимат ал-хайат
_fКрит. текст и предисл. [с. 5-28] А. Афсахзода
210 _d1980
_aБ. м.
215 _a33, 455 с.
300 _aВ вып. дан. авт.: Абдаррахман Джами
300 _aИзд. выходит с 1978 г.
461 0 _1001rc\2132258
_12001#$aТри дивана$eКритич. текст$fАбдуррахман Джами$gКрит. текст и предисл. [с. 5-21] А. Афсахзода$v[Т. 2]
_1700#1$aДжами$bА.$f1414-1492$gАбдуррахман
_97512487
_aДжами, А. (1414-1492)
_cМосква
_d1978-
_fАбдуррахман Джами
_nНаука
_oКритич. текст
_tТри дивана
_v[Т. 2]
517 0 _aВаситат ал-икд и Хатимат ал-хайат
801 0 _aRU
_bNLR
_gpsbo
801 1 _aRU
_bELAR
_2rusmarc
852 _aNLR
_bОЛСАА
942 _cBOOK
980 _aNB